nhl hockey teams by city - Statistics

General Stats
  • This quiz has been taken 952 times
  • The average score is 14 of 15
Answer Stats
Hint Answer % Correct
EDM Oilers
98%
WPG Jets
97%
BOS Bruins
96%
WSH Capitals
96%
NYI Islanders
96%
NYR Rangers
96%
SJS Sharks
96%
NJD Devils
95%
ANA Ducks
95%
PHI Flyers
95%
LAK Kings
94%
NSH Predators
94%
MON canadiens
88%
PHX Coyotes
87%
COL Blue Jackets
54%
No matching quizzes found
Score Distribution
Percent of People with Each Score
Percentile by Number Answered
Your Score History
You have not taken this quiz